000 00499nam a22001817a 4500
003 OSt
005 20250417104526.0
008 220322b ||||| |||| 00| 0 eng d
020 _a9780471986065
040 _cKCST
082 _a003
_bCh Sy
100 _aCheckland, Peter
_95692
245 _aSystems thinking, systems practice :
_bincludes a 30-year retrospective /
_cPeter Checkland
260 _aChichester:
_bWiley
_c1999
300 _a330 p.
650 _aSystem theory.
_95693
942 _2ddc
_cBK
999 _c812
_d812